| 000 | 00966nam a2200277Ia 4500 | ||
|---|---|---|---|
| 003 | OSt | ||
| 005 | 20220923211528.0 | ||
| 006 | a|||||r|||| 00| 0 | ||
| 007 | ta | ||
| 008 | 220922b |||||||| |||| 00| 0 hin d | ||
| 020 |
_a9789381467862 (hbk) _c350 |
||
| 024 | _a324,751 | ||
| 037 |
_b69, 10/03/2018, Mallika Books _cTextual |
||
| 040 |
_aARTS _cARTS _bhin |
||
| 041 |
_2hin _ahin |
||
| 082 | _aO152,3N40,CV, Q8 | ||
| 100 | _aकालिया, ममता, ले. | ||
| 245 | 0 | _aकल्चर वल्चर | |
| 246 | _aKalchar valchara | ||
| 260 |
_aनयी दिल्ली _b किताबघर प्रकाशन _c2018 |
||
| 300 |
_a208पृ. _ccm. |
||
| 650 |
_a हिन्दी साहित्य _9156264 |
||
| 650 | _aहिन्दी कहानी | ||
| 942 |
_hO152,3N40,CV, Q8 _cTEXL _2CC |
||
| 999 |
_c300463 _d300463 |
||